Capacity development in practice / (Record no. 9285)

MARC details
000 -LEADER
fixed length control field 01428cam a2200385 a 4500
001 - CONTROL NUMBER
control field 16055199
003 - CONTROL NUMBER IDENTIFIER
control field OSt
005 - DATE AND TIME OF LATEST TRANSACTION
control field 20240724102223.0
008 - FIXED-LENGTH DATA ELEMENTS--GENERAL INFORMATION
fixed length control field 100114s2010 enka b 001 0 eng
010 ## - LIBRARY OF CONGRESS CONTROL NUMBER
LC control number 2009053544
015 ## - NATIONAL BIBLIOGRAPHY NUMBER
National bibliography number GBB053258
Source bnb
016 7# - NATIONAL BIBLIOGRAPHIC AGENCY CONTROL NUMBER
Record control number 015535806
Source Uk
020 ## - INTERNATIONAL STANDARD BOOK NUMBER
International Standard Book Number 9781844077410 (hbk.)
020 ## - INTERNATIONAL STANDARD BOOK NUMBER
International Standard Book Number 1844077411 (hbk.)
020 ## - INTERNATIONAL STANDARD BOOK NUMBER
International Standard Book Number 9781844077427 (pbk.)
020 ## - INTERNATIONAL STANDARD BOOK NUMBER
International Standard Book Number 184407742X (pbk.)
035 ## - SYSTEM CONTROL NUMBER
System control number (OCoLC)ocn500185242
040 ## - CATALOGING SOURCE
Original cataloging agency DLC
Transcribing agency MUST
Modifying agency YDX
-- UKM
-- YDXCP
-- BWK
-- CDX
-- DLC
043 ## - GEOGRAPHIC AREA CODE
Geographic area code d------
082 ## - DEWEY DECIMAL CLASSIFICATION NUMBER
Classification number 338.9 CAP 2010
245 00 - TITLE STATEMENT
Title Capacity development in practice /
Statement of responsibility, etc. edited by Jan Ubels, Naa-Aku Acquaye-Baddoo and Alan Fowler.
260 ## - PUBLICATION, DISTRIBUTION, ETC. (IMPRINT)
Place of publication, distribution, etc. London ;
-- Washington, DC :
Name of publisher, distributor, etc. Earthscan,
Date of publication, distribution, etc. 2010.
300 ## - PHYSICAL DESCRIPTION
Extent xxii, 338 p. :
Other physical details ill. ;
Dimensions 25 cm.
504 ## - BIBLIOGRAPHY, ETC. NOTE
Bibliography, etc Includes bibliographical references and index.
650 #0 - SUBJECT ADDED ENTRY--TOPICAL TERM
Topical term or geographic name as entry element Economic assistance
Geographic subdivision Developing countries.
9 (RLIN) 5044
650 #0 - SUBJECT ADDED ENTRY--TOPICAL TERM
Topical term or geographic name as entry element Technical assistance
Geographic subdivision Developing countries.
9 (RLIN) 12193
650 #0 - SUBJECT ADDED ENTRY--TOPICAL TERM
Topical term or geographic name as entry element Economic development
Geographic subdivision Developing countries.
9 (RLIN) 18984
650 #0 - SUBJECT ADDED ENTRY--TOPICAL TERM
Topical term or geographic name as entry element Institution building
Geographic subdivision Developing countries.
9 (RLIN) 18985
700 1# - ADDED ENTRY--PERSONAL NAME
Personal name Ubels, Jan,
Dates associated with a name 1956-
9 (RLIN) 18986
700 1# - ADDED ENTRY--PERSONAL NAME
Personal name Acquaye-Baddoo, Naa-Aku.
9 (RLIN) 18987
700 1# - ADDED ENTRY--PERSONAL NAME
Personal name Fowler, Alan,
Dates associated with a name 1947-
9 (RLIN) 18988
906 ## - LOCAL DATA ELEMENT F, LDF (RLIN)
a 7
b cbc
c orignew
d 1
e ecip
f 20
g y-gencatlg
942 ## - ADDED ENTRY ELEMENTS (KOHA)
Source of classification or shelving scheme Dewey Decimal Classification
Koha item type Open Shelf
Holdings
Withdrawn status Lost status Source of classification or shelving scheme Damaged status Not for loan Home library Current library Date acquired Source of acquisition Inventory number Total Checkouts Full call number Barcode Date last seen Price effective from Koha item type
    Dewey Decimal Classification     MUST Main Library MUST Main Library 24/07/2024 Donation 2011/34787   338.9 CAP 2010 2024-22168 24/07/2024 24/07/2024 Open Shelf
    Dewey Decimal Classification     MUST Main Library MUST Main Library 24/07/2024 Donation 2011/34956   338.9 CAP 2010 2024-22169 24/07/2024 24/07/2024 Open Shelf
    Dewey Decimal Classification     MUST Main Library MUST Main Library 06/09/2024 Purchase 11/34958   338.9 CAP 2010 2024-22333 06/09/2024 06/09/2024 Open Shelf